000 00811nam0a22002531 4500
001 rc\2841861
005 20250529203106.0
035 _a(NLR Aleph) 006999391
090 _a5705493
_c5705493
100 _a20110629d1927 |||y0rusy50 ca
101 0 _arus
102 _aRU
105 _aa z |||||
200 1 _aСтруктура Академии наук СССР
210 _a[Ленинград]
_cБ. и.
_d[1927]
215 _aС. 1-7, 1 л. схем.
_cсхем.
_d23 см
300 _aОтт. из сб. "Акад. наук СССР за 10 лет. 1917-1927". Л., 1927, с. 1-7, 1 л. схем.
300 _aВ конце текста: Б. Молас
700 1 _aМолас
_bБ.
801 0 _aRU
_bNLR
_gpsbo
801 1 _aRU
_bELAR
_2rusmarc
852 _aNLR
_j93/3284
942 _cBOOK
980 _aNB